El café y el desarrollo histórico geográfico de Costa Rica (Registro nro. 10171)
[ vista simple ]
| 000 -CABECERA | |
|---|---|
| campo de control de longitud fija | 00533nam a22002057a 4500 |
| 005 - FECHA Y HORA DE ACTUALIZACIÓN | |
| campo de control | 20171214132730.0 |
| 008 - LONGITUD FIJA | |
| campo de control de longitud fija | 171212b xxu||||| |||| 00| 0 spa d |
| 041 ## - IDIOMA | |
| Código de idioma del texto/pista de sonido o título separado | |
| 082 ## - CLASIFICACIÓN DECIMAL DEWEY | |
| Número de clasificación | 917.286 H178c |
| 100 ## - AUTOR PERSONAL | |
| Nombre de persona | Hall, Carolyn |
| 245 ## - TÍTULO PROPIAMENTE DICHO | |
| Título | El café y el desarrollo histórico geográfico de Costa Rica |
| 260 ## - PIE DE IMPRENTA | |
| Lugar de publicación, distribución, etc. | Costa Rica |
| 260 ## - PIE DE IMPRENTA | |
| Nombre del editor, distribuidor, etc. | Costa Rica |
| 260 ## - PIE DE IMPRENTA | |
| Fecha de publicación, distribución, etc. | 1991 |
| 300 ## - DESCRIPCIÓN FÍSICA | |
| Extensión | 208 páginas |
| 650 ## - Materia General | |
| Materia general | COSTA RICA |
| 650 ## - Materia General | |
| Materia general | CAFÉ |
| 650 ## - Materia General | |
| Materia general | POLÍTICA ECONÓMICA |
| 942 ## - Punto de Acceso Adicional Koha | |
| Tipo de ítem Koha | Libro |
| Estado perdido | Estado dañado | No para préstamo | Biblioteca permanente | Biblioteca actual | Signatura completa | Código de barras | Precio efectivo a partir del | Tipo de ítem |
|---|---|---|---|---|---|---|---|---|
| Departamento de Biblioteca y Documentación Alfonso Chase Brenes | Departamento de Biblioteca y Documentación Alfonso Chase Brenes | 917.286 H178c | 2200 | 14/12/2017 | Libro | |||
| Departamento de Biblioteca y Documentación Alfonso Chase Brenes | Departamento de Biblioteca y Documentación Alfonso Chase Brenes | 917.286 H178c | 2198 | 14/12/2017 | Libro |